| 000 | 00418pab a2200157 454500 | ||
|---|---|---|---|
| 008 | 180718b1980 xxu||||| |||| 00| 0 eng d | ||
| 100 | _aSchroeder, Larry | ||
| 245 | _aProperty tax assessment problems in the United States and India: Some contrasts and comparisons | ||
| 260 | _c1980 | ||
| 300 | _ap.1-15. | ||
| 362 | _aJan-Mar | ||
| 650 | _aProperty tax | ||
| 773 | _aNagarlok | ||
| 908 | _aN | ||
| 909 | _a101983 | ||
| 999 |
_c101981 _d101981 |
||